LEADER 01264nam a2200325 i 4500 001 991000215599707536 008 090506s2009 us a 001 eng d 020 $a9789812794307 035 $ab13827340-39ule_inst 040 $aDip.to Fisica$beng 082 00$a617.730592 084 $aLC RE986 084 $a617.7 100 1 $aMartins, Joao C.$059793 245 10$aBioelectronic vision :$bretina models, evaluation metrics, and system design /$cJoao C. Martins, Leonel A. Sousa 260 $aNew Jersey :$bWorld Scientific,$c2009 300 $axxiv, 246 p. :$bil. ;$c24 cm 440 0$aSeries on bioengineering & biomedical engineering ;$v3 504 $aIncludes bibliographical references and index 650 0$aArtificial vision 650 4$aRetinal Diseases$xSurgery 650 4$aBiomedical Engineering 650 4$aProstheses and Implants 700 1 $aSousa, Leonel A.$eauthor$4http://id.loc.gov/vocabulary/relators/aut$0731074 907 $a.b13827340$b28-01-14$c06-05-09 912 $a991000215599707536 945 $aLE006 617.7 MAR$g1$i2006000162975$lle006$op$pE50.66$q-$rl$s- $t0$u1$v0$w1$x0$y.i14964223$z06-05-09 996 $aBioelectronic vision$91440149 997 $aUNISALENTO 998 $ale006$b06-05-09$cm$da $e-$feng$gus $h0$i0 LEADER 04260nam 22007215 450 001 9910869177403321 005 20250807143322.0 010 $a981-9727-76-6 024 7 $a10.1007/978-981-97-2776-6 035 $a(MiAaPQ)EBC31511681 035 $a(Au-PeEL)EBL31511681 035 $a(CKB)32650728500041 035 $a(DE-He213)978-981-97-2776-6 035 $a(EXLCZ)9932650728500041 100 $a20240702d2024 u| 0 101 0 $aeng 135 $aurcnu|||||||| 181 $ctxt$2rdacontent 182 $cc$2rdamedia 183 $acr$2rdacarrier 200 10$aEssentials of Pharmacodynamics and Drug Action /$fedited by Raja Chakraverty, Rajani Mathur, Pranabesh Chakraborty 205 $a1st ed. 2024. 210 1$aSingapore :$cSpringer Nature Singapore :$cImprint: Springer,$d2024. 215 $a1 online resource (247 pages) 311 08$a981-9727-75-8 320 $aIncludes bibliographical references. 327 $aChapter 1_ Principles of Pharmacokinetics: The dynamics of drug action -- Chapter 2_ Pharmacodynamics: Mechanisms of drug action -- Chapter 3_ Principles of Therapeutics and Gene-based Therapy -- Chapter 4_ Drugs acting on the Autonomic Nervous System. - Chapter 5_ Drugs acting on the Central Nervous System -- Chapter 6_ Drugs acting on Renal and Cardiovascular function -- Chapter 7_ Drugs affecting Gastrointestinal function -- Chapter 8_ Pharmacotherapy of Microbial diseases -- Chapter 9_ Hormones and Hormone antagonists -- Chapter 10_ Drugs used for Immunomodulation. 330 $aThe book provides a comprehensive exploration of the dynamic field of pharmacology and its fundamental principles. It delves into the intricate interactions between drugs and the human body, focusing on pharmacokinetics, which explains the dynamics of drug actions in the body, and pharmacodynamics, which uncovers the mechanisms through which drugs exert their effects. The book also emphasizes the crucial aspects of therapeutics and gene-based therapy, shedding light on modern approaches to disease treatment. Readers will gain insights into drugs that target the autonomic nervous system, influencing functions beyond voluntary control, and drugs that act on the central nervous system, impacting neurological processes. Additionally, the book examines medications affecting renal and cardiovascular functions, playing a significant role in maintaining homeostasis. Moreover, it explores the realm of drugs influencing gastrointestinal function, essential for digestive health. Furthermore, the book covers pharmacotherapy for microbial diseases, addressing the challenge of infectious agents and their treatment. It also investigates hormones and hormone antagonists, pivotal in regulating various physiological processes. Lastly, it provides a comprehensive understanding of drugs used for immunomodulation, which plays a crucial role in enhancing or suppressing the immune system. The book serves as a resource for students, researchers, and healthcare professionals seeking a deep understanding of drug interactions, therapeutic applications, and cutting-edge approaches in pharmacology. 606 $aPharmacology 606 $aPharmacovigilance 606 $aDrug delivery systems 606 $aGenetics$xResearch 606 $aNeurosciences 606 $aCardiology 606 $aPharmacology 606 $aDrug Safety and Pharmacovigilance 606 $aDrug Delivery 606 $aGenetics Research 606 $aNeuroscience 606 $aCardiology 615 0$aPharmacology. 615 0$aPharmacovigilance. 615 0$aDrug delivery systems. 615 0$aGenetics$xResearch. 615 0$aNeurosciences. 615 0$aCardiology. 615 14$aPharmacology. 615 24$aDrug Safety and Pharmacovigilance. 615 24$aDrug Delivery. 615 24$aGenetics Research. 615 24$aNeuroscience. 615 24$aCardiology. 676 $a613.8 702 $aChakraverty$b Raja 702 $aMathur$b Rajani 702 $aChakraborty$b Pranabesh 801 0$bMiAaPQ 801 1$bMiAaPQ 801 2$bMiAaPQ 906 $aBOOK 912 $a9910869177403321 996 $aEssentials of Pharmacodynamics and Drug Action$94170538 997 $aUNINA